[Event "San Francisco TNM Fall op"]
[Site "San Francisco"]
[Date "2017.11.14"]
[Round "4"]
[White "McKellar, Daniel"]
[Black "Harris, Clarence"]
[Result "1-0"]
[WhiteElo "1810"]
[BlackElo "1419"]
[PlyCount "51"]
[EventDate "2017.10.24"]
[EventType "swiss"]
[EventRounds "9"]
[EventCountry "USA"]
[SourceTitle "EXT 2023"]
[Source "ChessBase"]
[SourceDate "2022.10.05"]
[SourceVersion "1"]
[SourceVersionDate "2022.10.05"]
[SourceQuality "1"]

1. d4 Nf6 2. c4 e6 3. Nc3 Bb4 4. Qc2 b6 5. Bf4 Bb7 6. e3 Ne4 7. f3 Nf6 8. Bd3 d6 9. Nge2 Nbd7 10. Rd1 Qe7 11. 0-0 Nh5 12. Nb5 Ndf6 13. a3 Nxf4 14. Nxf4 a6 15. Nxc7+ Qxc7 16. axb4 Rc8 17. Rc1 0-0 18. c5 b5 19. Rfd1 Rfd8 20. Ne2 Nd5 21. Qd2 Nf6 22. Nc3 Nd5 23. Ne4 dxc5 24. bxc5 Qe7 25. Nd6 Rc7 26. Nxb7 1-0

[Event "San Francisco Grey Memorial"]
[Site "San Francisco"]
[Date "2017.09.26"]
[Round "8"]
[White "McKellar, Daniel"]
[Black "Touset, Stephen"]
[Result "1-0"]
[WhiteElo "1820"]
[BlackElo "1535"]
[PlyCount "60"]
[EventDate "2017.08.08"]
[EventType "swiss"]
[EventRounds "9"]
[EventCountry "USA"]
[SourceTitle "EXT 2023"]
[Source "ChessBase"]
[SourceDate "2022.10.05"]
[SourceVersion "1"]
[SourceVersionDate "2022.10.05"]
[SourceQuality "1"]

1. d4 Nf6 2. c4 c5 3. d5 b5 4. cxb5 a6 5. e3 e6 6. dxe6 fxe6 7. Nc3 d5 8. Nf3 Be7 9. Be2 0-0 10. 0-0 Qd6 11. Qc2 Nbd7 12. Rd1 Ng4 13. h3 Rxf3 14. hxg4 Rf7 15. Ne4 Qb6 16. Nc3 axb5 17. Nxb5 Ba6 18. a4 Ne5 19. Bd2 Raf8 20. Rf1 Bh4 21. f4 Ng6 22. Bd3 Nxf4 23. Bxh7+ Kh8 24. Rxf4 Rxf4 25. exf4 c4+ 26. Kh1 e5 27. Rf1 Qh6 28. Rf3 exf4 29. Rh3 g5 30. Bc3+ Rf6 1-0

[Event "San Francisco Grey Memorial"]
[Site "San Francisco"]
[Date "2017.08.29"]
[Round "4"]
[White "Traub, Igor Vladimirovich"]
[Black "McKellar, Daniel"]
[Result "1-0"]
[WhiteElo "2093"]
[BlackElo "1820"]
[PlyCount "73"]
[EventDate "2017.08.08"]
[EventType "swiss"]
[EventRounds "9"]
[EventCountry "USA"]
[SourceTitle "EXT 2023"]
[Source "ChessBase"]
[SourceDate "2022.10.05"]
[SourceVersion "1"]
[SourceVersionDate "2022.10.05"]
[SourceQuality "1"]

1. Nf3 d5 2. g3 g6 3. Bg2 Bg7 4. d3 Nf6 5. Nbd2 c5 6. e4 Nc6 7. 0-0 0-0 8. Re1 e5 9. h3 Re8 10. exd5 Nxd5 11. Ne4 b6 12. Bg5 f6 13. Bd2 Be6 14. a4 Rb8 15. a5 Qd7 16. Kh2 h6 17. axb6 axb6 18. Nc3 Nd4 19. Nxd4 Nxc3 20. bxc3 exd4 21. c4 g5 22. Ra6 Bf5 23. Bd5+ Kh7 24. Rxe8 Qxe8 25. Qf3 Qc8 26. Ra7 Kh8 27. Qh5 Qe8 28. Bf7 Qf8 29. h4 Ra8 30. Rxa8 Qxa8 31. hxg5 fxg5 32. Bxg5 Qc6 33. Bd5 Bg6 34. Qh4 Qe8 35. Bxh6 Bh7 36. Bf4 Bf8 37. Be4 1-0

[Event "San Francisco Grey Memorial"]
[Site "San Francisco"]
[Date "2017.08.22"]
[Round "3"]
[White "McKellar, Daniel"]
[Black "Greene, Sam"]
[Result "1-0"]
[WhiteElo "1820"]
[BlackElo "1507"]
[PlyCount "85"]
[EventDate "2017.08.08"]
[EventType "swiss"]
[EventRounds "9"]
[EventCountry "USA"]
[SourceTitle "EXT 2023"]
[Source "ChessBase"]
[SourceDate "2022.10.05"]
[SourceVersion "1"]
[SourceVersionDate "2022.10.05"]
[SourceQuality "1"]

1. c4 e6 2. d4 Nf6 3. Nc3 Bb4 4. Qc2 d5 5. Nf3 0-0 6. Bg5 Nbd7 7. e3 c6 8. Bd3 h6 9. Bh4 b6 10. Ne5 Bb7 11. Nxd7 Qxd7 12. Bxf6 gxf6 13. 0-0 Kg7 14. Ne2 Rh8 15. Nf4 h5 16. Qe2 Kf8 17. Nxh5 f5 18. Nf4 Ke7 19. cxd5 cxd5 20. Rac1 a6 21. Rc2 Bd6 22. Rfc1 Qd8 23. g3 Kd7 24. a3 Qg8 25. Nh5 Qg5 26. Nf4 Qh6 27. f3 Rhg8 28. Kf1 Qf6 29. b4 Qg7 30. Bb5+ Ke7 31. Bc6 Rgb8 32. Bxb7 Rxb7 33. Nd3 f6 34. f4 Qg8 35. Rc6 Qd8 36. Qh5 Qg8 37. Kf2 Kd7 38. Nb2 Qg7 39. Qe2 Qh8 40. h4 Qg8 41. Na4 Qd8 42. Qc2 Raa7 43. Rc8 1-0

[Event "San Francisco TNM Spring op"]
[Site "San Francisco"]
[Date "2017.04.18"]
[Round "6"]
[White "Cheng, Andrew Ys"]
[Black "McKellar, Daniel"]
[Result "0-1"]
[WhiteElo "1353"]
[BlackElo "1744"]
[PlyCount "94"]
[EventDate "2017.03.14"]
[EventType "swiss"]
[EventRounds "8"]
[EventCountry "USA"]
[SourceTitle "EXT 2023"]
[Source "ChessBase"]
[SourceDate "2022.10.05"]
[SourceVersion "1"]
[SourceVersionDate "2022.10.05"]
[SourceQuality "1"]

1. e4 c5 2. Nf3 g6 3. Bc4 Bg7 4. 0-0 Nc6 5. Nc3 Nf6 6. Re1 0-0 7. d3 d6 8. Bg5 a6 9. Qd2 Bg4 10. Qe3 b5 11. Bb3 e6 12. e5 dxe5 13. Nxe5 Nxe5 14. Qxe5 h6 15. Bh4 g5 16. Bg3 Nd5 17. Qd6 Nxc3 18. bxc3 Bxc3 19. Qxc5 Rc8 20. Qe3 Bd4 21. Qe4 Bf5 22. Qe2 Bxa1 23. Rxa1 a5 24. a4 Rc5 25. Be5 bxa4 26. Rxa4 f6 27. Bb2 Qd7 28. h4 Kh7 29. h5 g4 30. Rxg4 Bxg4 31. Qxg4 Rg5 32. Qh3 f5 33. f4 Rg4 34. Qe3 Rfg8 35. Qf3 Rxg2+ 36. Qxg2 Rxg2+ 37. Kxg2 a4 38. Bc4 Qd6 39. Be5 Qc6+ 40. Kf2 a3 41. Bb3 a2 42. Bc4 Qa4 43. Bb3 a1Q 44. Bxa1 Qxa1 45. Bxe6 Qd4+ 46. Ke2 Qxf4 47. Bb3 Qg4+ 0-1

[Event "San Francisco Benson Memorial"]
[Site "San Francisco"]
[Date "2016.08.23"]
[Round "4"]
[White "Wang, Yuan1"]
[Black "McKellar, Daniel"]
[Result "1-0"]
[WhiteElo "2068"]
[BlackElo "1745"]
[PlyCount "53"]
[EventDate "2016.08.02"]
[EventType "swiss"]
[EventRounds "9"]
[EventCountry "USA"]
[SourceTitle "EXT 2018"]
[Source "ChessBase"]
[SourceDate "2017.10.13"]
[SourceVersion "1"]
[SourceVersionDate "2017.10.13"]
[SourceQuality "1"]

1. e4 e6 2. d4 d5 3. Nc3 dxe4 4. Nxe4 Bd7 5. c4 Bc6 6. Nc3 Nf6 7. Nf3 Bxf3 8. Qxf3 c6 9. Be3 Nbd7 10. Bd3 Be7 11. 0-0 0-0 12. Rfe1 Qa5 13. a3 Qh5 14. Qg3 Rac8 15. b4 Rfe8 16. Rad1 Qg4 17. Qxg4 Nxg4 18. Bf4 Rcd8 19. Bc7 Rc8 20. Bg3 Rcd8 21. d5 exd5 22. cxd5 cxd5 23. Nxd5 Bg5 24. Rxe8+ Rxe8 25. Bb5 Ngf6 26. Nxf6+ Nxf6 27. h4 1-0

[Event "San Francisco Benson Memorial"]
[Site "San Francisco"]
[Date "2016.08.02"]
[Round "1"]
[White "McKellar, Daniel"]
[Black "Simpkins, Jerry"]
[Result "1/2-1/2"]
[WhiteElo "1745"]
[BlackElo "1542"]
[PlyCount "133"]
[EventDate "2016.08.02"]
[EventType "swiss"]
[EventRounds "9"]
[EventCountry "USA"]
[SourceTitle "EXT 2018"]
[Source "ChessBase"]
[SourceDate "2017.10.13"]
[SourceVersion "1"]
[SourceVersionDate "2017.10.13"]
[SourceQuality "1"]

1. d4 e5 2. dxe5 Nc6 3. Nf3 Qe7 4. g3 Nxe5 5. Bg2 Nxf3+ 6. Bxf3 c6 7. 0-0 g6 8. Qd4 Nf6 9. e4 Bg7 10. e5 Nh5 11. Bxh5 Bxe5 12. Qd1 gxh5 13. Re1 0-0 14. Qxh5 f6 15. Bh6 Re8 16. Nd2 Qf7 17. Qxf7+ Kxf7 18. Nc4 d5 19. Rxe5 fxe5 20. Nd6+ Ke7 21. Nxe8 Kxe8 22. Re1 e4 23. f3 Bf5 24. g4 Bg6 25. h4 Kd7 26. h5 Bf7 27. fxe4 dxe4 28. Rxe4 Bxa2 29. Rd4+ Ke6 30. Be3 b5 31. b3 a5 32. Rd1 a4 33. Ra1 axb3 34. cxb3 Kd5 35. g5 Re8 36. Rd1+ Ke4 37. Bc5 Ra8 38. Be7 Bxb3 39. Rd6 Bd5 40. Rh6 Ra7 41. Bf6 Rb7 42. g6 hxg6 43. Rxg6 Rh7 44. Rg5 b4 45. Bg7 Kf4 46. Bf6 Rf7 47. Rg6 Kf5 48. Bb2 Rh7 49. Rf6+ Kg5 50. h6 Rxh6 51. Rxh6 Kxh6 52. Kf2 Kg5 53. Ke3 Kf5 54. Kd2 Ke4 55. Bg7 c5 56. Kc2 Bc4 57. Bf6 Bd3+ 58. Kb3 Kd5 59. Bg7 Bc4+ 60. Kc2 Ba2 61. Bf6 c4 62. Bg7 Bb3+ 63. Kd2 Ba2 64. Kc2 Ke4 65. Bf8 b3+ 66. Kb2 Kd3 67. Bg7 1/2-1/2

[Event "San Francisco TNM Spring op"]
[Site "San Francisco"]
[Date "2016.04.19"]
[Round "6"]
[White "McKellar, Daniel"]
[Black "Nelson, Christopher"]
[Result "1-0"]
[WhiteElo "1616"]
[BlackElo "1732"]
[PlyCount "69"]
[EventDate "2016.03.15"]
[EventType "swiss"]
[EventRounds "8"]
[EventCountry "USA"]
[SourceTitle "EXT 2018"]
[Source "ChessBase"]
[SourceDate "2017.10.13"]
[SourceVersion "1"]
[SourceVersionDate "2017.10.13"]
[SourceQuality "1"]

1. Nf3 e6 2. d4 f5 3. c4 Nf6 4. Nc3 Bb4 5. Qc2 0-0 6. Bg5 d5 7. a3 Bxc3+ 8. Qxc3 c6 9. e3 Qe8 10. Bf4 Ne4 11. Qc2 Nd7 12. Be2 a6 13. 0-0 Ndf6 14. Ng5 h6 15. Nxe4 fxe4 16. Qd1 Kh7 17. Be5 b5 18. cxb5 cxb5 19. Rc1 Ra7 20. Rc7 Rxc7 21. Bxc7 Qe7 22. Qc2 Bd7 23. Bb6 Rc8 24. Bc5 Qe8 25. f3 e5 26. fxe4 Nxe4 27. Qd3 Qg6 28. b4 Bf5 29. Qd1 Qg5 30. dxe5 Nxc5 31. bxc5 Qxe3+ 32. Kh1 Rxc5 33. Rf3 Qxe5 34. Rxf5 Qe4 35. Bd3 1-0

[Event "San Francisco TNM Fall op"]
[Site "San Francisco"]
[Date "2015.12.15"]
[Round "9"]
[White "McKellar, Daniel"]
[Black "Simpkins, Jerry"]
[Result "0-1"]
[WhiteElo "1646"]
[BlackElo "1611"]
[PlyCount "74"]
[EventDate "2015.10.20"]
[EventType "swiss"]
[EventRounds "9"]
[EventCountry "USA"]
[SourceTitle "EXT 2023"]
[Source "ChessBase"]
[SourceDate "2022.10.05"]
[SourceVersion "1"]
[SourceVersionDate "2022.10.05"]
[SourceQuality "1"]

1. c4 e5 2. g3 Nc6 3. Bg2 Nf6 4. Nc3 Bc5 5. e3 d6 6. Nge2 Be6 7. b3 0-0 8. 0-0 Qd7 9. Nd5 Bxd5 10. cxd5 Nb4 11. Nc3 Nd3 12. Qe2 Nxc1 13. Raxc1 Qe7 14. Nb5 a6 15. Nc3 e4 16. d3 exd3 17. Qxd3 Ng4 18. Ne4 Ne5 19. Qc3 Bb6 20. Rfe1 f5 21. Nd2 Rae8 22. Nc4 Nxc4 23. bxc4 Qg5 24. Re2 h5 25. h4 Qg4 26. Rce1 f4 27. gxf4 Qxh4 28. Qd3 Qg4 29. f3 Qxf4 30. Kf1 Qg3 31. Bh1 Re5 32. Bg2 h4 33. f4 h3 34. Bxh3 Qxh3+ 35. Rg2 Rxf4+ 36. Kg1 Rxe3 37. Rxe3 Bxe3+ 0-1

[Event "San Francisco TNM Summer op"]
[Site "San Francisco"]
[Date "2015.07.07"]
[Round "7"]
[White "McKellar, Daniel"]
[Black "Robertson, Guy"]
[Result "1-0"]
[WhiteElo "1642"]
[BlackElo "1461"]
[PlyCount "45"]
[EventDate "2015.05.26"]
[EventType "swiss"]
[EventRounds "8"]
[EventCountry "USA"]
[SourceTitle "EXT 2016"]
[Source "ChessBase"]
[SourceDate "2015.10.08"]
[SourceVersion "1"]
[SourceVersionDate "2015.10.08"]
[SourceQuality "1"]

1. e4 c5 2. Nf3 d6 3. d4 cxd4 4. Nxd4 Nf6 5. Nc3 a6 6. Be3 Nc6 7. f3 g6 8. Qd2 h5 9. 0-0-0 Bg7 10. Bc4 Qc7 11. Bb3 Ne5 12. Qe2 b5 13. h3 Nc4 14. Ndxb5 axb5 15. Nxb5 Qa5 16. Qxc4 Be6 17. Nc7+ Kd8 18. Nxe6+ fxe6 19. Qc6 Ra6 20. Qb7 Nd7 21. Bxe6 Qa4 22. Bxd7 Qxa2 23. Qc8# 1-0

[Event "San Francisco TNM Summer op"]
[Site "San Francisco"]
[Date "2015.05.26"]
[Round "1"]
[White "McKellar, Daniel"]
[Black "Vickers, Keith"]
[Result "0-1"]
[WhiteElo "1642"]
[BlackElo "2200"]
[PlyCount "100"]
[EventDate "2015.05.26"]
[EventType "swiss"]
[EventRounds "8"]
[EventCountry "USA"]
[SourceTitle "EXT 2016"]
[Source "ChessBase"]
[SourceDate "2015.10.08"]
[SourceVersion "1"]
[SourceVersionDate "2015.10.08"]
[SourceQuality "1"]

1. e4 Nc6 2. Nf3 d5 3. exd5 Qxd5 4. Nc3 Qa5 5. d4 Bg4 6. Be2 0-0-0 7. Be3 e5 8. Nxe5 Bxe2 9. Nxc6 Bxd1 10. Nxa5 Bxc2 11. 0-0 Bb4 12. Rac1 Bxa5 13. Rxc2 Ne7 14. Rd1 Nd5 15. Nxd5 Rxd5 16. Rc5 Rhd8 17. Rxd5 Rxd5 18. h3 Kd7 19. Kf1 c5 20. Ke2 c4 21. Bd2 Bxd2 22. Rxd2 Ra5 23. b3 cxb3 24. axb3 Rb5 25. Rd3 Kd6 26. Ke3 Kd5 27. Rc3 b6 28. g4 Rb4 29. Rd3 g5 30. f3 a5 31. Rc3 Rxd4 32. Rc7 Rf4 33. h4 h6 34. hxg5 hxg5 35. Rb7 Kc5 36. Re7 Kb4 37. Re5 f6 38. Re6 b5 39. Rb6 a4 40. bxa4 Kxa4 41. Ra6+ Kb3 42. Rb6 b4 43. Rd6 Ka3 44. Ra6+ Kb2 45. Ra4 Kc3 46. Ra6 b3 47. Rc6+ Rc4 48. Rxf6 b2 49. Rb6 Rb4 50. Rc6+ Kb3 0-1

[Event "San Francisco TNM Spring op"]
[Site "San Francisco"]
[Date "2015.04.14"]
[Round "5"]
[White "Harris, Clarence"]
[Black "McKellar, Daniel"]
[Result "0-1"]
[WhiteElo "1467"]
[BlackElo "1674"]
[PlyCount "57"]
[EventDate "2015.03.17"]
[EventType "swiss"]
[EventRounds "8"]
[EventCountry "USA"]
[SourceTitle "EXT 2016"]
[Source "ChessBase"]
[SourceDate "2015.10.08"]
[SourceVersion "1"]
[SourceVersionDate "2015.10.08"]
[SourceQuality "1"]

1. e4 e6 2. d3 d5 3. Nd2 Nf6 4. Ngf3 Nc6 5. e5 Nd7 6. d4 Be7 7. Be2 0-0 8. 0-0 f6 9. exf6 Nxf6 10. c3 Bd6 11. Bb5 Ne7 12. Ne5 c5 13. Re1 cxd4 14. cxd4 Qb6 15. Qa4 a6 16. Bd3 Nc6 17. Ndf3 Nd7 18. Nxc6 bxc6 19. Rxe6 c5 20. Qc2 Bxh2+ 21. Kxh2 Qxe6 22. Bxh7+ Kh8 23. Ng5 Qd6+ 24. Kg1 Nf6 25. Bg6 Qe7 26. Be3 Ng4 27. Qd1 Rxf2 28. Bxf2 Qxg5 29. Bh5 0-1

[Event "San Francisco TNM Spring op"]
[Site "San Francisco"]
[Date "2015.04.07"]
[Round "4"]
[White "McKellar, Daniel"]
[Black "Tokatyan, Shant"]
[Result "1/2-1/2"]
[WhiteElo "1674"]
[BlackElo "1109"]
[PlyCount "88"]
[EventDate "2015.03.17"]
[EventType "swiss"]
[EventRounds "8"]
[EventCountry "USA"]
[SourceTitle "EXT 2016"]
[Source "ChessBase"]
[SourceDate "2015.10.08"]
[SourceVersion "1"]
[SourceVersionDate "2015.10.08"]
[SourceQuality "1"]

1. e4 e6 2. d4 d5 3. Nc3 Nf6 4. Bg5 Be7 5. e5 Nfd7 6. Bxe7 Qxe7 7. f4 0-0 8. Nf3 f6 9. Bd3 fxe5 10. fxe5 c5 11. dxc5 Qxc5 12. Qd2 Nc6 13. 0-0-0 Ndxe5 14. Nxe5 Nxe5 15. Qg5 Nxd3+ 16. Rxd3 Qf2 17. Kb1 Qf6 18. Qg3 Qf4 19. Qh3 e5 20. g3 Bxh3 21. gxf4 Bf5 22. Rxd5 exf4 23. Rf1 Bh3 24. Rf2 f3 25. Kc1 Rae8 26. Rd3 Re1+ 27. Kd2 Rf1 28. Ke3 Rxf2 29. Kxf2 Bg2 30. Rd7 Rb8 31. Nd5 a6 32. Ne3 Bh3 33. Rc7 Be6 34. a3 Rc8 35. Rxb7 Rf8 36. Rb6 Bc8 37. c4 g5 38. Nd5 g4 39. b3 Kf7 40. Rf6+ Kg7 41. Rxf8 Kxf8 42. b4 Kf7 43. b5 axb5 44. cxb5 Ke6 1/2-1/2